Shihon shugi no ippanteki kiki : dokusen shihon shugika no shōgyō to bōeki /
Saved in:
| 其他作者: | |
|---|---|
| 格式: | 图书 |
| 语言: | Japanese |
| 出版: |
Kyōto :
Sanʾichishobō,
1950.
|
| 主题: | |
| 标签: |
添加标签
没有标签, 成为第一个标记此记录!
|
| LEADER | 01149nam a2200313ui 4500 | ||
|---|---|---|---|
| 001 | 007745866-4 | ||
| 005 | 20024617121422.0 | ||
| 008 | 910207s1950 ja b 000 0 jpn d | ||
| 010 | |a 89801139 /AJ | ||
| 035 | 0 | |a ocm33650307 | |
| 035 | 0 | |a ocm33650307 |z ocm19624313 | |
| 040 | |a *LWU* |b jpn |c *LWU* |d DLC |d *YNH* |d CStRLIN | ||
| 245 | 0 | 0 | |6 880-01 |a Shihon shugi no ippanteki kiki : |b dokusen shihon shugika no shōgyō to bōeki / |c Matsui Kiyoshi cho. |
| 260 | |6 880-02 |a Kyōto : |b Sanʾichishobō, |c 1950. | ||
| 300 | |a 137 p. ; |c 19 cm. | ||
| 504 | |a Includes bibliographical references. | ||
| 653 | |6 880-03 |a Kokkadokusenshihonshugi. | ||
| 653 | |6 880-04 |a Nihon |a Shōgyō. | ||
| 651 | 0 | |a Japan |x Commerce. | |
| 650 | 0 | |a Capitalism. | |
| 700 | 1 | |6 880-05 |a Matsui, Kiyoshi, |d 1912-1972. | |
| 880 | 0 | 0 | |6 245-01 |a 資本主義の一般的危機 : |b 独占資本主義下の商業と貿易 / |c 松井淸著. |
| 880 | |6 260-02 |a 京都 : |b 三一書房, |c 1950. | ||
| 880 | |6 653-03 |a 国家独占資本主義. | ||
| 880 | |6 653-04 |a 日本 |a 商業. | ||
| 880 | 1 | |6 700-05 |a 松井淸, |d 1912-1972. | |
| 886 | 2 | |2 jpnmarc |a 677 |b 332.06 | |
| 988 | |a 20021220 | ||
| 906 | |0 OCLC | ||


